Yo soy el amor y la misericordia misma
Guardat en:
| Autor principal: | |
|---|---|
| Format: | Llibre |
| Idioma: | espanyol |
| Publicat: |
Santiago
Misión Católica Polaca
2005
|
| Edició: | 14a. ed |
| Matèries: | |
| Etiquetes: |
Afegir etiqueta
Sense etiquetes, Sigues el primer a etiquetar aquest registre!
|
MARC
| LEADER | 00000cam a2200000 a 4500 | ||
|---|---|---|---|
| 001 | UCD4935 | ||
| 003 | CL-VaPUC | ||
| 008 | 160731e20050000cl |||||||||||||||||spa|d | ||
| 082 | 0 | 4 | |a 268 |b RYC |2 21 |
| 100 | 0 | |a Rycholowski, Bruno |e author |9 588656 | |
| 245 | 1 | 0 | |a Yo soy el amor y la misericordia misma |
| 250 | |a 14a. ed | ||
| 300 | |a 162 p | ||
| 942 | |c BK | ||
| 945 | |d 20160731 21:25:00 |a dcastane | ||
| 260 | |a Santiago |b Misión Católica Polaca |c 2005 | ||
| 650 | 0 | |a Catolicismo |9 258690 | |
| 650 | 0 | |a Iglesia Católica |9 256114 | |
| 650 | 0 | |a Catecismo |9 333878 | |
| 650 | 7 | |a EDUCACION RELIGION |2 CL-VaPUC |9 491578 | |
| 583 | |a last modification |c 20160731 21:25:00 |k Rodrigo Vera | ||
| 999 | |c 365725 |d 365723 | ||
| 952 | |0 0 |1 0 |3 erb |4 0 |6 268_000000000000000_RYC_2005 |7 0 |8 A |9 479672 |a BIBTEO |b BIBTEO |e Villagrán Garnham, Jorge |i 5317673 |o 268 RYC 2005 |p 5317673 |r 2025-01-17 |w 2019-11-24 |y BK |z Catalogado en:20160731 |k ICR | ||